000 01735cam a22004694i 4500
003 PE-LiUPU
005 20250731173514.0
008 150616s r 000 0 d
020 _a0664240313
035 _a(Sirsi) i9780664240318
040 _aPE-LiUPU
_bspa
_cPE-LiUPU
_erda
049 _aPRUA
082 0 4 _a230.0440924
_bJ89
_221
100 1 _aJüngel, Eberhard,
_eautor.
245 1 0 _aKarl Barth, a Theological Legacy /
_cEberhard Jüngel.
264 1 _aPhiladelphia :
_bThe Westminster Press,
_c1986.
300 _a168 páginas ;
_c23 centímetros
336 _atext
_2rdacontent
337 _aunmediated
_2rdamedia
338 _avolume
_2rdacarrier
504 _aBibligrafía: páginas 167-168.
505 0 _aKarl Barth: A Tribute at his Death.- Barth's Life and Work.- Barth's Theological Beginnings.- Gospel and Law: The Relatioship of Dogmatics to Ethics.- The royal Man: A Christological Reflection on Human Dignity in Barth's Theology.
526 _aSEG42
526 _aSEG41
526 _aSEG40
526 _aSEG39
526 _aP94
526 _aP87
526 _aP86
526 _aP85
526 _aP77
526 _aP76
526 _aP35
650 0 4 _aBarth, Karl, 1886-1968.
910 _ajck
_bjvq
_cjck
942 _2ddc
_cBOOK
949 _a230.0440924 J89
_wDEWEY
_c1
_i41292
_lCCODEBUL1
_mBUL
_r0
_sY
_tBOOK
_u2015-6-16
_xTEOLOGIA
_zUNKNOWN
_0COMPRA
_o.STAFF. Colección General
994 _aC0
_bPEPRU
596 _a1
999 _a230.0440924 J89
_wDEWEY
_c59058
_i41292
_d59058
_e2018-5-6
_f2021-11-9
_g6
_lCCODEBUL1
_mBUL
_n2
_q2
_r0
_sY
_tBOOK
_u2015-6-16
_xTEOLOGIA
_zUNKNOWN
_0COMPRA
_o.STAFF. Colección General
980 _81
_gALBERTO SANCHEZ Responsable de Automatización